000 00871nam a22002177a 4500
008 090530t xxu||||| |||| 00| 0 eng d
010 _aB-328874
020 _a9780070223622
_c495-00
035 _aB-328874
037 _aUBH
_bRP/CL/E;15/20.05.09/25.05.09/28.05.09/29.05.09
040 _adpl
_bEng
082 _a005.2
100 _aHolZner,Steven
245 _aPHP-The Complete Reference/by
_cSteven Holzner
260 _aNew Delhi
_bTata Mc Graw-Hill Publishing Company
_c2008
270 _a7 West Patel Nagar
_bNew Delhi
_e110008
300 _axvii,575pg
_c23cm
942 _2ddc
_cEN
_e2008
_h005.2
_mHOL
999 _c27002
_d27002